Malleus maleficarum 2022 – boj IT prostriedkami voči dezinformáciám

Na minha lista:
Detalhes bibliográficos
Autor principal: Klein, Matúš (Author)
Outros Autores: Bindas, Bystrík (Thesis advisor)
Formato: Manuscrito Livro
Idioma:eslovaco
Publicado em: 2023
Assuntos:
Acesso em linha:http://is.stuba.sk/zp/portal_zp.pl?podrobnosti=160556
Tags: Adicionar Tag
Sem tags, seja o primeiro a adicionar uma tag!

MARC

LEADER 00000ntm a22000003a 4500
001 stuzp92442
003 SK-STU
005 20230909213157.1
007 ta
008 150427s2015----xo-----f-mn---000-0-slo-d
040 |a STU  |b slo 
041 0 |a slo 
100 1 |a Klein, Matúš  |u 070400  |4 aut  |U FIIT Fakulta informatiky a informačných technológií  |T FIIT Ústav počítačového inžinierstva a aplikovanej informatiky  |X 102989  |U I400  |Y 672  |7 102989 
242 0 1 |a Malleus maleficarum 2022 - the fight against disinformation  |y eng 
245 1 0 |a Malleus maleficarum 2022 – boj IT prostriedkami voči dezinformáciám 
260 |c 2023 
650 4 |a filtrovanie dezinformácií  |2 slo 
650 4 |a hoax  |2 slo 
650 4 |a pravda  |2 slo 
650 4 |a bez umelej inteligencie  |2 slo 
650 4 |a disinformation filtering  |2 eng 
650 4 |a hoax  |2 eng 
650 4 |a truth  |2 eng 
650 4 |a without artificial intelligence  |2 eng 
700 1 |a Bindas, Bystrík  |u 070400  |k Z2  |4 ths  |U FIIT Fakulta informatiky a informačných technológií  |T FIIT Ústav počítačového inžinierstva a aplikovanej informatiky  |X 99233  |U I400  |Y 672  |7 99233 
856 4 |u http://is.stuba.sk/zp/portal_zp.pl?podrobnosti=160556